| 000 | 01164nam0a22003251 4500 | ||
|---|---|---|---|
| 001 | v19\rc\1687075 | ||
| 005 | 20260406100257.0 | ||
| 035 | _a(NLR Aleph) 004841673 | ||
| 090 |
_a4828709 _c4828709 |
||
| 100 | _a20061002d1896 |||y0rusy50 ca | ||
| 101 | 1 |
_arus _cpol |
|
| 102 | _aRU | ||
| 105 | _ay z |||a| | ||
| 200 | 1 |
_aНад Неманом _eРоман в 3 ч. _fЭлиза Ожешкова _gПер. с пол. В.М. Лаврова |
|
| 210 |
_aМосква _cред. журн. "Рус. мысль" _d1896 |
||
| 215 |
_a553 с. _d19 |
||
| 532 | 1 | 3 | _aНад Неманом |
| 700 | 1 |
_9z01790 _aОжешко _bЭ. _f1841-1910 _gЭлиза |
|
| 702 | 1 |
_4730 _4650 _7ca _8rus _aЛавров _bВ. М. _cжурналист, переводчик _f1852-1912 _gВукол Михайлович _958398 _3RU\NLR\AUTH\7775470 |
|
| 790 | 1 |
_9z01700 _aОжешкова _bЭ. _f1841-1910 _gЭлиза |
|
| 801 | 0 |
_aRU _bNLR _gpsbo |
|
| 801 | 0 |
_aRU _bRuMoRGB _2psbo |
|
| 801 | 1 |
_aRU _bProSoft-M _2rusmarc |
|
| 852 |
_aNLR _j20.80.3.40 |
||
| 899 |
_aRuMoRGB _jM 50/139 |
||
| 899 |
_aRuMoRGB _jU 240/305 |
||
| 899 |
_aRuMoRGB _jРб 10/2523 |
||
| 942 | _cBOOK | ||
| 980 | _aNB | ||